000 01066nam a2200373 a 4500
003 AR-BaBNM
005 20251128204109.0
008 082120s2002 ||||||||||||||000 | spa||
020 _a950-25-0075-X
040 _cAR-BaBNM
100 1 _aYunque, Alvaro
245 0 0 _aLeandro N. Alem
_bel hombre de la multitud. 1
260 _aBuenos Aires
_bCentro Editor de América Latina
_c1984
300 _a197 p.
490 0 _aBiblioteca Política Argentina
_vv. 76
500 _aContiene: notas al final de cada capítulo
600 0 4 _aBalvanera
600 0 4 _aCaseros
600 1 4 _aAlem, Leandro N.
610 2 4 _aUnión Cívica Radical [Argentina]
650 4 _aHISTORIA POLITICA
650 4 _aBIOGRAFIAS
650 4 _aPARTIDOS POLITICOS ARGENTINOS
650 4 _aORGANIZACION NACIONAL
650 4 _aGUERRA DEL PARAGUAY
650 4 _aCONQUISTA DEL DESIERTO
650 4 _aGENERACION DE 1880
650 4 _aSIGLO DIECINUEVE
651 4 _aArgentina
655 _aBIOGRAFIAS
800 1 _aTroncoso, Oscar
_edirector
942 _cBK
998 _cGrace
999 _c6160
_d6160